Design of excavation support system for high rise in a metropolitan city/ (Record no. 551317)
[ view plain ]
| 000 -LEADER | |
|---|---|
| fixed length control field | 00408nam a22001457a 4500 |
| 082 ## - DEWEY DECIMAL CLASSIFICATION NUMBER | |
| Classification number | P-456 |
| 100 ## - MAIN ENTRY--PERSONAL NAME | |
| Personal name | Izhar Ul Hassan |
| 9 (RLIN) | 48340 |
| 245 ## - TITLE STATEMENT | |
| Title | Design of excavation support system for high rise in a metropolitan city/ |
| 260 ## - PUBLICATION, DISTRIBUTION, ETC. | |
| Place of publication, distribution, etc. | Risalpur: |
| Name of publisher, distributor, etc. | MCE |
| Date of publication, distribution, etc. | c2011 |
| 300 ## - PHYSICAL DESCRIPTION | |
| Extent | v, 63p; |
| Dimensions | 26cm |
| 526 ## - STUDY PROGRAM INFORMATION NOTE | |
| Program name | 0 |
| Interest level | 0 |
| Reading level | 0 |
| Title point value | P_456 |
| 650 ## - SUBJECT ADDED ENTRY--TOPICAL TERM | |
| Topical term or geographic name entry element | Project |
| 700 ## - ADDED ENTRY--PERSONAL NAME | |
| Personal name | dr. Manzoor Hussain, Lt Col |
| 9 (RLIN) | 48341 |
| 942 ## - ADDED ENTRY ELEMENTS (KOHA) | |
| Source of classification or shelving scheme | |
| Koha item type | Book |
| Withdrawn status | Lost status | Source of classification or shelving scheme | Damaged status | Not for loan | Permanent Location | Current Location | Date acquired | Total Checkouts | Full call number | Barcode | Date last seen | Price effective from | Koha item type | Public note |
|---|---|---|---|---|---|---|---|---|---|---|---|---|---|---|
| Military College of Engineering (MCE) | Military College of Engineering (MCE) | 12/10/2014 | P-456 | MCE-P-456 | 12/10/2014 | 12/10/2014 | Book | Project |
